PDC Darts-Weltmeister - Statistiken

Allgemein
  • Dieses Quiz wurde 106 mal gespielt
  • Das Durchschnittsergebnis liegt bei 9 aus 11
Antwortstatistiken
Titel Spieler % Korrekt
3 Michael van Gerwen
100%
14 Phil Taylor
98%
2 Peter Wright
94%
2 Gary Anderson
91%
1 Michael Smith
84%
1 Raymond van Barneveld
83%
1 Gerwyn Price
82%
2 Adrian Lewis
78%
1 Rob Cross
76%
2 John Part
52%
1 Dennis Priestley
40%
Keine übereinstimmenden Quizze gefunden
Verteilung der Resultate
Anzahl Personen mit jedem Resultat
Perzentil nach korrekt beantworteten Fragen
Ihre Resultats-Entwicklung
Sie haben dieses Quiz noch nicht gespielt